HMCRP Report 01 Hazardous Materials Transportation Incident Data for Root Cause Analysis / (Record no. 2248)
[ view plain ]
| 000 -LEADER | |
|---|---|
| fixed length control field | 00407 a2200109 4500 |
| 020 ## - INTERNATIONAL STANDARD BOOK NUMBER | |
| International Standard Book Number | 9780309118101 |
| 022 ## - INTERNATIONAL STANDARD SERIAL NUMBER | |
| International Standard Serial Number | 21504849 |
| 082 ## - DEWEY DECIMAL CLASSIFICATION NUMBER | |
| Classification number | 363.125 TRB |
| 245 ## - TITLE STATEMENT | |
| Title | HMCRP Report 01 Hazardous Materials Transportation Incident Data for Root Cause Analysis / |
| Statement of responsibility, etc. | Transportation Research Board |
| 260 ## - PUBLICATION, DISTRIBUTION, ETC. | |
| Place of publication, distribution, etc. | Washington : |
| Name of publisher, distributor, etc. | Transportation Research Board, |
| Date of publication, distribution, etc. | 2009 |
| 300 ## - PHYSICAL DESCRIPTION | |
| Extent | 111p. : |
| Other physical details | ill. ; |
| Dimensions | 30 cm |
| 650 ## - SUBJECT ADDED ENTRY--TOPICAL TERM | |
| Topical term or geographic name entry element | Transportation -- Hazardous Materials |
| Withdrawn status | Lost status | Damaged status | Not for loan | Permanent Location | Current Location | Shelving location | Date acquired | Total Checkouts | Full call number | Barcode | Date last seen | Price effective from | Koha item type |
|---|---|---|---|---|---|---|---|---|---|---|---|---|---|
| School of Civil and Environmental Engineering (SCEE) | School of Civil and Environmental Engineering (SCEE) | 363.125 TRB | NIT-6987 | 01/05/2017 | 01/05/2017 | Book |
